[Event "GBR-ch84"]
[Site "Hove"]
[Date "1997.08.12"]
[Round "8"]
[White "Ward, Christopher G"]
[Black "Hebden, Mark L"]
[Result "1/2-1/2"]
[WhiteElo "2505"]
[BlackElo "2575"]
[PlyCount "165"]
[EventDate "1997.08.04"]
[EventType "swiss"]
[EventRounds "11"]
[EventCountry "GBR"]
[SourceTitle "BritBase"]
[Source "John Saunders"]
[SourceDate "2024.07.04"]
[SourceVersion "1"]
[SourceVersionDate "2024.07.04"]
[SourceQuality "1"]

1. d4 Nf6 2. c4 g6 3. Nc3 Bg7 4. e4 d6 5. f3 O-O 6. Nge2 a6 7. Be3 Nbd7 8. Qd2
c5 9. dxc5 dxc5 10. O-O-O Qa5 11. Kb1 e6 12. Nc1 Qc7 13. Nb3 b6 14. Be2 Bb7 15.
Qd6 Rac8 16. Qxc7 Rxc7 17. Bf4 Rcc8 18. a4 Nh5 19. Bd6 Rfe8 20. g4 Nhf6 21. Bg3
Nf8 22. Rd6 N6d7 23. Kc2 a5 24. Rhd1 Bxc3 25. Kxc3 Bc6 26. e5 g5 27. h4 gxh4
28. Bxh4 Nxe5 29. Bg3 Neg6 30. f4 f5 31. R1d3 Kf7 32. Nd2 Ke7 33. gxf5 exf5 34.
Nf3 Red8 35. Nh4 Be4 36. Rxd8 Rxd8 37. Rxd8 Kxd8 38. Nxg6 hxg6 39. Bh4+ Kd7 40.
Bf6 Ne6 41. Be5 Bc6 42. Bd1 Bg2 43. Kd2 Bf1 44. b3 Bg2 45. Ke3 Be4 46. Bf6 Nc7
47. Be5 Na6 48. Bc3 Nb4 49. Kd2 Ke6 50. Be5 Kd7 51. Bc3 Nc6 52. Ke3 Ke6 53. Bg7
Ne7 54. Be5 g5 55. Bc7 gxf4+ 56. Bxf4 Kd7 57. Bg5 Nc6 58. Bf6 Ke6 59. Bg5 Kd6
60. Bf4+ Kd7 61. Kd2 Nd4 62. Bg3 Bf3 63. Bc2 Bg4 64. Bb8 Ne6 65. Ke3 Nc7 66.
Kf4 Na6 67. Be5 Ke6 68. Bb1 Bh3 69. Bd3 Nb4 70. Bb1 Nc6 71. Bc7 Nd4 72. Bxb6
Nxb3 73. Bc2 Nd4 74. Bd3 Nb3 75. Bc2 Nc1 76. Bxc5 Ne2+ 77. Ke3 Bg4 78. Bb6 f4+
79. Kf2 Ke5 80. Bd1 f3 81. Bxe2 fxe2 82. Bxa5 Kd4 83. Bd2 1/2-1/2

[Event "GBR-ch84"]
[Site "Hove"]
[Date "1997.08.13"]
[Round "9"]
[White "Mortazavi, Ali"]
[Black "Greet, Andrew N"]
[Result "1-0"]
[WhiteElo "2390"]
[BlackElo "2240"]
[PlyCount "57"]
[EventDate "1997.08.04"]
[EventType "swiss"]
[EventRounds "11"]
[EventCountry "GBR"]
[SourceTitle "BritBase"]
[Source "John Saunders"]
[SourceDate "2024.07.04"]
[SourceVersion "1"]
[SourceVersionDate "2024.07.04"]
[SourceQuality "1"]

1. e4 e6 2. d4 d5 3. Nc3 Nf6 4. Bg5 Be7 5. e5 Nfd7 6. h4 a6 7. Qg4 Kf8 8. Nf3
c5 9. dxc5 Nc6 10. Bxe7+ Qxe7 11. Qf4 Qxc5 12. O-O-O Qxf2 13. Nxd5 exd5 14. e6
Nde5 15. Bc4 dxc4 16. Rhf1 Qb6 17. Nxe5 Nxe5 18. Qxe5 Bxe6 19. Rd6 Qc7 20. Qxe6
Qe7 21. Qd5 Re8 22. a3 c3 23. bxc3 f6 24. Rd7 Qe6 25. Qxb7 Re7 26. Rfd1 Ke8 27.
Rxe7+ Qxe7 28. Qc6+ Kf7 29. Rd7 1-0

[Event "GBR-ch84"]
[Site "Hove"]
[Date "1997.08.13"]
[Round "9"]
[White "Beaumont, Chris R"]
[Black "Smith, Andrew Philip"]
[Result "0-1"]
[WhiteElo "2345"]
[BlackElo "2255"]
[PlyCount "79"]
[EventDate "1997.08.04"]
[EventType "swiss"]
[EventRounds "11"]
[EventCountry "GBR"]
[SourceTitle "BritBase"]
[Source "John Saunders"]
[SourceDate "2024.07.04"]
[SourceVersion "1"]
[SourceVersionDate "2024.07.04"]
[SourceQuality "1"]

1. Nf3 b5 2. e4 a6 3. d4 Bb7 4. Bd3 e6 5. O-O Nf6 6. Re1 c5 7. c3 Nc6 8. a3 Be7
9. Bg5 h6 10. Bxf6 gxf6 11. d5 Ne5 12. Nxe5 fxe5 13. c4 b4 14. Nd2 Bg5 15. axb4
cxb4 16. Nb3 a5 17. c5 exd5 18. exd5 Bxd5 19. Rxe5+ Be6 20. Be4 Rb8 21. c6 O-O
22. Raxa5 Bf6 23. Rh5 dxc6 24. Qf3 Bg7 25. h3 Bxb3 26. Qxb3 Qd2 27. Qf3 Rbe8
28. Bxc6 Re1+ 29. Kh2 Qxb2 30. Rhf5 Qc1 31. g3 Qc4 32. Bd5 Qf1 33. Qg2 Qd3 34.
Qf3 Qf1 35. Qg2 Qe2 36. Ra7 Rf1 37. Raxf7 Rxf7 38. Rxf7 Kh8 39. Bb3 Bd4 40.
Qa8+ {time} 0-1

[Event "GBR-ch84"]
[Site "Hove"]
[Date "1997.08.13"]
[Round "9"]
[White "Turner, Matthew J"]
[Black "Cobb, Charles A"]
[Result "1-0"]
[WhiteElo "2445"]
[BlackElo "2290"]
[PlyCount "77"]
[EventDate "1997.08.04"]
[EventType "swiss"]
[EventRounds "11"]
[EventCountry "GBR"]
[SourceTitle "BritBase"]
[Source "John Saunders"]
[SourceDate "2024.07.04"]
[SourceVersion "1"]
[SourceVersionDate "2024.07.04"]
[SourceQuality "1"]

1. c4 e6 2. Nc3 d5 3. d4 c6 4. e3 f5 5. h3 Nf6 6. g4 g6 7. Bd3 Bd6 8. gxf5 gxf5
9. Qf3 Na6 10. c5 Bc7 11. Bxa6 bxa6 12. Bd2 O-O 13. O-O-O e5 14. dxe5 Bxe5 15.
Qg2+ Kh8 16. Nf3 Bc7 17. Rhg1 Qe7 18. Qg5 Bd7 19. Ne2 Rg8 20. Qh4 Rxg1 21. Rxg1
Rg8 22. Bc3 Rxg1+ 23. Nexg1 Kg7 24. Ne2 h6 25. Nf4 Bxf4 26. Qxf4 Qxc5 27. Qe5
Qf8 28. Qc7 Qe7 29. Ne5 Kh7 30. Qxa7 c5 31. Qxa6 d4 32. exd4 cxd4 33. Bxd4 Qb4
34. Qxf6 Qe1+ 35. Kc2 Qe2+ 36. Kc3 Qe1+ 37. Kc4 Qe2+ 38. Kc5 Qb5+ 39. Kd6 {time
} 1-0

[Event "GBR-ch84"]
[Site "Hove"]
[Date "1997.08.13"]
[Round "9"]
[White "Arkell, Keith C"]
[Black "Martin, Andrew D"]
[Result "1/2-1/2"]
[WhiteElo "2480"]
[BlackElo "2425"]
[PlyCount "125"]
[EventDate "1997.08.04"]
[EventType "swiss"]
[EventRounds "11"]
[EventCountry "GBR"]
[SourceTitle "BritBase"]
[Source "John Saunders"]
[SourceDate "2024.07.04"]
[SourceVersion "1"]
[SourceVersionDate "2024.07.04"]
[SourceQuality "1"]

1. d4 d6 2. g3 Nf6 3. Bg2 Nbd7 4. c4 e5 5. Nc3 Be7 6. Nf3 O-O 7. O-O c6 8. e4
a6 9. h3 b5 10. Qe2 Bb7 11. Rd1 Qb8 12. a3 Re8 13. Be3 exd4 14. Nxd4 Bf8 15.
Nf5 Ne5 16. b3 bxc4 17. bxc4 Qc7 18. f4 Ned7 19. Qd3 Re6 20. Rab1 g6 21. Nd4
Ree8 22. Nb3 Rad8 23. Bf2 h5 24. Bf3 Bc8 25. Kg2 Nc5 26. Nxc5 dxc5 27. Qc2 h4
28. e5 hxg3 29. Bxg3 Bf5 30. Ne4 Bxe4 31. Bxe4 Nxe4 32. Qxe4 Qa5 33. f5 Rd2+
34. Rxd2 Qxd2+ 35. Kh1 Qd4 36. Qxc6 gxf5 37. Re1 Re6 38. Qf3 Rg6 39. Kh2 Qxc4
40. Qxf5 Qa2+ 41. Bf2 Qd2 42. Qf3 c4 43. Kh1 Qd3 44. Qxd3 cxd3 45. Rd1 Bxa3 46.
Rxd3 Bb2 47. Rd5 Rg5 48. Ra5 Bxe5 49. Rxa6 Kg7 50. Rb6 Rf5 51. Rb5 Rxf2 52.
Rxe5 Kg6 53. Kg1 Ra2 54. Re3 f5 55. Rf3 Kg5 56. Rf2 Rxf2 57. Kxf2 Kf4 58. h4
Kg4 59. h5 Kxh5 60. Kf3 Kg5 61. Kg3 f4+ 62. Kf3 Kf5 63. Kf2 1/2-1/2

[Event "GBR-ch84"]
[Site "Hove"]
[Date "1997.08.13"]
[Round "9"]
[White "Buckley, Graeme N"]
[Black "Anderton, Matthew N"]
[Result "1-0"]
[WhiteElo "2380"]
[BlackElo "2240"]
[PlyCount "57"]
[EventDate "1997.08.04"]
[EventType "swiss"]
[EventRounds "11"]
[EventCountry "GBR"]
[SourceTitle "BritBase"]
[Source "John Saunders"]
[SourceDate "2024.07.04"]
[SourceVersion "1"]
[SourceVersionDate "2024.07.04"]
[SourceQuality "1"]

1. d4 Nf6 2. c4 e6 3. Nc3 Bb4 4. e3 O-O 5. Bd3 c5 6. Nge2 d5 7. cxd5 cxd4 8.
exd4 Nxd5 9. O-O Nc6 10. a3 Bd6 11. Ne4 Be7 12. Bb1 e5 13. dxe5 Nxe5 14. Qc2
Bf5 15. Rd1 Qa5 16. b4 Nxb4 17. axb4 Qxa1 18. Bb2 Qa6 19. Bxe5 Rac8 20. Qb2
Rfd8 21. Rf1 Rc4 22. Nc5 Bxc5 23. Bxf5 Rxb4 24. Qc2 Qc4 25. Bxh7+ Kh8 26. Bc3
Ra4 27. Bf5 Re8 28. Qd2 Qa6 29. Qg5 1-0

[Event "GBR-ch84"]
[Site "Hove"]
[Date "1997.08.13"]
[Round "9"]
[White "Crouch, Colin S"]
[Black "Rowson, Jonathan"]
[Result "0-1"]
[WhiteElo "2375"]
[BlackElo "2490"]
[PlyCount "110"]
[EventDate "1997.08.04"]
[EventType "swiss"]
[EventRounds "11"]
[EventCountry "GBR"]
[SourceTitle "BritBase"]
[Source "John Saunders"]
[SourceDate "2024.07.04"]
[SourceVersion "1"]
[SourceVersionDate "2024.07.04"]
[SourceQuality "1"]

1. d4 Nf6 2. c4 g6 3. Nc3 d5 4. Bg5 Ne4 5. Nxe4 dxe4 6. Qa4+ Qd7 7. Qxd7+ Nxd7
8. f3 Bg7 9. O-O-O h6 10. Be3 e5 11. d5 f5 12. Bd2 exf3 13. exf3 Nc5 14. Bb4 b6
15. Ne2 Kf7 16. Bxc5 bxc5 17. Nc3 Bf8 18. Bd3 Bd6 19. Bc2 Bd7 20. g4 h5 21.
gxf5 gxf5 22. Ba4 Bxa4 23. Nxa4 Rag8 24. Rhe1 Rg2 25. Rd2 Rhg8 26. Ree2 Rxe2
27. Rxe2 Rg1+ 28. Kd2 Kf6 29. Nc3 h4 30. Ke3 h3 31. Kf2 Rg2+ 32. Kf1 Rxe2 33.
Nxe2 Kg5 34. f4+ Kg4 35. Kf2 exf4 36. Ng1 Be5 37. Nf3 Bxb2 38. a4 Bc3 39. Ke2
Kh5 40. Ng1 Kg4 41. Nf3 Ba1 42. Kf2 Bb2 43. Ke2 Bf6 44. Kf2 Bh4+ 45. Ke2 Bg3
46. Ne5+ Kg5 47. Kf1 Bxh2 48. Nf3+ Kg4 49. Nxh2+ Kg3 50. Kg1 a5 51. Nf1+ Kf3
52. Nh2+ Ke2 53. Nf1 f3 54. Ng3+ Ke1 55. Nh1 h2+ 0-1

[Event "GBR-ch84"]
[Site "Hove"]
[Date "1997.08.13"]
[Round "9"]
[White "Forbes, Cathy"]
[Black "Dearing, Eddie"]
[Result "0-1"]
[WhiteElo "2120"]
[BlackElo "2210"]
[PlyCount "80"]
[EventDate "1997.08.04"]
[EventType "swiss"]
[EventRounds "11"]
[EventCountry "GBR"]
[SourceTitle "BritBase"]
[Source "John Saunders"]
[SourceDate "2024.07.04"]
[SourceVersion "1"]
[SourceVersionDate "2024.07.04"]
[SourceQuality "1"]

1. d4 d5 2. Nf3 Nf6 3. Bf4 Bf5 4. e3 e6 5. c3 Be7 6. h3 h6 7. Nbd2 O-O 8. Qb3
Qc8 9. Ne5 c5 10. Be2 Ne4 11. g4 Nxd2 12. Kxd2 Be4 13. Rh2 f6 14. Nf3 Nc6 15.
h4 e5 16. dxe5 fxe5 17. Nxe5 Bd6 18. Nxc6 Rxf4 19. Ne7+ Bxe7 20. exf4 Qc7 21.
Rh3 c4 22. Qa4 Qxf4+ 23. Re3 Bxh4 24. Bxc4 Qxf2+ 25. Be2 Bg5 26. Qd4 Re8 27.
Rf1 Qxe3+ 28. Qxe3 Bxe3+ 29. Kxe3 Bg2+ 30. Kf2 Bxf1 31. Bxf1 Kf7 32. Bg2 Re5
33. Kg3 b6 34. Kf4 Ke6 35. Bf3 g5+ 36. Kg3 Re1 37. Kf2 Ra1 38. b3 Rxa2+ 39. Ke3
Ke5 40. Kd3 Rb2 0-1

[Event "GBR-ch84"]
[Site "Hove"]
[Date "1997.08.13"]
[Round "9"]
[White "Hunt, Adam"]
[Black "Palliser, Richard JD"]
[Result "1-0"]
[WhiteElo "2225"]
[BlackElo "2125"]
[PlyCount "49"]
[EventDate "1997.08.04"]
[EventType "swiss"]
[EventRounds "11"]
[EventCountry "GBR"]
[SourceTitle "BritBase"]
[Source "John Saunders"]
[SourceDate "2024.07.04"]
[SourceVersion "1"]
[SourceVersionDate "2024.07.04"]
[SourceQuality "1"]

1. e4 c5 2. Nf3 d6 3. d4 Nf6 4. Nc3 cxd4 5. Nxd4 a6 6. Bc4 e6 7. Bb3 b5 8. O-O
Be7 9. Qf3 Qb6 10. Be3 Qb7 11. Qg3 O-O 12. Bh6 Ne8 13. Rfe1 Bd7 14. Rad1 Kh8
15. Bg5 Bxg5 16. Qxg5 Nc6 17. Re3 h6 18. Rh3 Nxd4 19. Rxd4 Kh7 20. e5 f6 21.
Qh5 fxe5 22. Rg4 Qa7 23. Rxg7+ Kxg7 24. Qxh6+ Kf7 25. Rf3+ 1-0

[Event "GBR-ch84"]
[Site "Hove"]
[Date "1997.08.13"]
[Round "9"]
[White "Hunt, Harriet V"]
[Black "Gallagher, Joseph G"]
[Result "0-1"]
[WhiteElo "2360"]
[BlackElo "2525"]
[PlyCount "82"]
[EventDate "1997.08.04"]
[EventType "swiss"]
[EventRounds "11"]
[EventCountry "GBR"]
[SourceTitle "BritBase"]
[Source "John Saunders"]
[SourceDate "2024.07.04"]
[SourceVersion "1"]
[SourceVersionDate "2024.07.04"]
[SourceQuality "1"]

1. e4 c5 2. Nf3 d6 3. d4 cxd4 4. Nxd4 Nf6 5. Nc3 a6 6. Be2 e5 7. Nb3 Be7 8. O-O
O-O 9. Kh1 Qc7 10. a4 Be6 11. f4 Nbd7 12. f5 Bc4 13. a5 b5 14. axb6 Nxb6 15.
Bg5 Rfd8 16. Bxc4 Qxc4 17. Na5 Qc7 18. Bxf6 Bxf6 19. Qd3 Rdc8 20. Rf2 Qc5 21.
Rd2 Qb4 22. Nb3 a5 23. Nd5 Nxd5 24. Qxd5 a4 25. Ra2 Rab8 26. Na1 Rc4 27. c3
Rxe4 28. Rd1 Qb7 29. Qxb7 Rxb7 30. Nc2 h5 31. g4 Re2 32. Nb4 e4 33. Rxd6 e3 34.
Rd1 Rd2 35. Re1 Rxb2 36. Rxb2 Bxc3 37. Rxe3 Bxb2 38. Na2 Kf8 39. Re4 a3 40. Ra4
Ke7 41. Kg2 Rb5 0-1

[Event "GBR-ch84"]
[Site "Hove"]
[Date "1997.08.13"]
[Round "9"]
[White "Jackson, Oliver A"]
[Black "Jackson, Adrian"]
[Result "1-0"]
[WhiteElo "2230"]
[BlackElo "2250"]
[PlyCount "75"]
[EventDate "1997.08.04"]
[EventType "swiss"]
[EventRounds "11"]
[EventCountry "GBR"]
[SourceTitle "BritBase"]
[Source "John Saunders"]
[SourceDate "2024.07.04"]
[SourceVersion "1"]
[SourceVersionDate "2024.07.04"]
[SourceQuality "1"]

1. e4 c5 2. Nc3 Nc6 3. f4 e6 4. Nf3 d5 5. Bb5 Nge7 6. O-O d4 7. Nb1 a6 8. Bxc6+
Nxc6 9. d3 Be7 10. Nbd2 O-O 11. Ne5 Qc7 12. Nxc6 Qxc6 13. Qh5 f5 14. Qe2 Bf6
15. Nf3 b5 16. Bd2 Bb7 17. Rae1 Rad8 18. e5 Be7 19. h3 Qe8 20. Kh2 Qg6 21. Rg1
h5 22. Ref1 Kf7 23. Be1 Rd7 24. Bh4 Bxf3 25. gxf3 Qh6 26. Bg5 Qh7 27. Qe1 b4
28. Qh4 Ke8 29. a3 Kf7 30. Bxe7 Rxe7 31. Rg5 Rh8 32. Rfg1 Kf8 33. axb4 cxb4 34.
Qe1 a5 35. Qa1 Rc7 36. Qxa5 Rxc2+ 37. Kh1 Qh6 38. Qd8+ 1-0

[Event "GBR-ch84"]
[Site "Hove"]
[Date "1997.08.13"]
[Round "9"]
[White "Kinsman, Andrew PH"]
[Black "Ledger, David J"]
[Result "1-0"]
[WhiteElo "2395"]
[BlackElo "2255"]
[PlyCount "115"]
[EventDate "1997.08.04"]
[EventType "swiss"]
[EventRounds "11"]
[EventCountry "GBR"]
[SourceTitle "BritBase"]
[Source "John Saunders"]
[SourceDate "2024.07.04"]
[SourceVersion "1"]
[SourceVersionDate "2024.07.04"]
[SourceQuality "1"]

1. d4 Nf6 2. c4 g6 3. Nc3 Bg7 4. e4 d6 5. Be2 O-O 6. Bg5 c5 7. dxc5 Qa5 8. Bd2
Qxc5 9. Nf3 Bg4 10. Be3 Qa5 11. Nd2 Bxe2 12. Qxe2 Rc8 13. O-O Nbd7 14. a3 Qh5
15. f3 Ne5 16. Rac1 Bh6 17. Bxh6 Qxh6 18. f4 Nc6 19. b4 a5 20. b5 Nd4 21. Qf2
Ng4 22. Qg3 Qh5 23. Kh1 e6 24. h3 f5 25. Qd3 e5 26. Nd5 Rf8 27. Nf3 fxe4 28.
Qxe4 Nf5 29. Kg1 Ngh6 30. fxe5 Ng3 31. Nf6+ Rxf6 32. Qxb7 Ne2+ 33. Kf2 Re8 34.
Kxe2 Rxe5+ 35. Kd2 Rc5 36. Rfe1 Nf7 37. Re8+ Kg7 38. Qe7 Rxf3 39. Qf8+ Kf6 40.
Qe7+ Kg7 41. gxf3 Re5 42. Qf8+ Kf6 43. Rc3 Qg5+ 44. Kc2 Qg2+ 45. Kb3 Qd2 46.
Rxe5 dxe5 47. Qa8 Nd6 48. Qd5 a4+ 49. Kxa4 Qxc3 50. Qxd6+ Kg5 51. Qd5 Qc2+ 52.
Ka5 Qc3+ 53. Kb6 Qxa3 54. Qxe5+ Kh4 55. Qf4+ Kxh3 56. c5 h5 57. c6 g5 58. Qxg5
1-0

[Event "GBR-ch84"]
[Site "Hove"]
[Date "1997.08.13"]
[Round "9"]
[White "Mestel, A Jonathan"]
[Black "Houska, Miroslav"]
[Result "1-0"]
[WhiteElo "2500"]
[BlackElo "2360"]
[PlyCount "117"]
[EventDate "1997.08.04"]
[EventType "swiss"]
[EventRounds "11"]
[EventCountry "GBR"]
[SourceTitle "BritBase"]
[Source "John Saunders"]
[SourceDate "2024.07.04"]
[SourceVersion "1"]
[SourceVersionDate "2024.07.04"]
[SourceQuality "1"]

1. c4 f5 2. g3 g6 3. Bg2 Bg7 4. Nc3 Nf6 5. d3 O-O 6. e4 d6 7. Nge2 c5 8. exf5
gxf5 9. O-O Nc6 10. h3 e5 11. Be3 Kh8 12. f4 Nd4 13. Qd2 Rb8 14. Rae1 Bd7 15.
Kh2 a6 16. fxe5 dxe5 17. Bh6 Bxh6 18. Qxh6 Nc2 19. Rc1 Qb6 20. Qd2 Nd4 21. Rce1
Qd6 22. Rf2 Rg8 23. Rg1 Rg6 24. Nd5 Nh5 25. Nxd4 cxd4 26. Bf3 Ng7 27. Qb4 Qxb4
28. Nxb4 Re8 29. Re1 b5 30. c5 a5 31. Nd5 Ne6 32. Rxe5 Nxc5 33. Rxe8+ Bxe8 34.
Nf4 Rd6 35. Rc2 Ne6 36. Re2 Nc7 37. Re7 Rd7 38. Re5 Bg6 39. Bc6 Rd8 40. Bxb5
Rb8 41. a4 Be8 42. Bxe8 Nxe8 43. Rb5 Rxb5 44. axb5 Nd6 45. b6 Kg8 46. Ne6 Nb7
47. Nxd4 Kf7 48. Nxf5 Ke6 49. g4 Kd7 50. g5 Nc5 51. h4 Nxd3 52. h5 Nf4 53. h6
Ng6 54. b7 Kc7 55. Nd6 Ne7 56. Kg3 Ng6 57. Kg4 Ne7 58. Kf4 Nc6 59. g6 1-0

[Event "GBR-ch84"]
[Site "Hove"]
[Date "1997.08.13"]
[Round "9"]
[White "Parker, Jonathan F"]
[Black "Plaskett, H James"]
[Result "1-0"]
[WhiteElo "2510"]
[BlackElo "2450"]
[PlyCount "47"]
[EventDate "1997.08.04"]
[EventType "swiss"]
[EventRounds "11"]
[EventCountry "GBR"]
[SourceTitle "BritBase"]
[Source "John Saunders"]
[SourceDate "2024.07.04"]
[SourceVersion "1"]
[SourceVersionDate "2024.07.04"]
[SourceQuality "1"]

1. d4 c5 2. d5 Nf6 3. c4 d6 4. Nc3 g6 5. e4 Bg7 6. h3 b5 7. cxb5 a6 8. Nf3 O-O
9. a4 Nbd7 10. Ra3 Ne8 11. Qb3 f5 12. exf5 axb5 13. axb5 Rxa3 14. bxa3 Rxf5 15.
Bd3 Rf8 16. Be2 Nb6 17. O-O Nc7 18. a4 c4 19. Bxc4 Bxh3 20. Be2 Qc8 21. Ng5 Bg4
22. a5 Bxc3 23. Bxg4 Qxg4 24. axb6 1-0

[Event "GBR-ch84"]
[Site "Hove"]
[Date "1997.08.13"]
[Round "9"]
[White "Pein, Malcolm"]
[Black "Conquest, Stuart C"]
[Result "1-0"]
[WhiteElo "2430"]
[BlackElo "2500"]
[PlyCount "43"]
[EventDate "1997.08.04"]
[EventType "swiss"]
[EventRounds "11"]
[EventCountry "GBR"]
[SourceTitle "BritBase"]
[Source "John Saunders"]
[SourceDate "2024.07.04"]
[SourceVersion "1"]
[SourceVersionDate "2024.07.04"]
[SourceQuality "1"]

1. d4 Nf6 2. Nf3 g6 3. c4 Bg7 4. Nc3 d5 5. Qb3 dxc4 6. Qxc4 O-O 7. e4 Nc6 8.
Be2 Bg4 9. d5 Bxf3 10. gxf3 Na5 11. Qd3 c5 12. Be3 Nd7 13. f4 a6 14. h4 b5 15.
e5 c4 16. Qe4 Qc8 17. h5 Nc5 18. Bxc5 Qxc5 19. hxg6 hxg6 20. f5 Qb6 21. d6 Nc6
22. Qh4 1-0

[Event "GBR-ch84"]
[Site "Hove"]
[Date "1997.08.13"]
[Round "9"]
[White "Pert, Nicholas"]
[Black "McDonald, Neil R"]
[Result "1/2-1/2"]
[WhiteElo "2240"]
[BlackElo "2490"]
[PlyCount "62"]
[EventDate "1997.08.04"]
[EventType "swiss"]
[EventRounds "11"]
[EventCountry "GBR"]
[SourceTitle "BritBase"]
[Source "John Saunders"]
[SourceDate "2024.07.04"]
[SourceVersion "1"]
[SourceVersionDate "2024.07.04"]
[SourceQuality "1"]

1. d4 f5 2. Bg5 g6 3. h4 Bg7 4. Nc3 d5 5. e3 c6 6. Bd3 Be6 7. Nf3 Nf6 8. Bf4
Nbd7 9. h5 Ne4 10. hxg6 hxg6 11. Rxh8+ Bxh8 12. Ng5 Bg8 13. Bxe4 dxe4 14. f3
exf3 15. Nxf3 Qa5 16. Qd3 O-O-O 17. O-O-O Bf6 18. Qe2 Bxa2 19. e4 fxe4 20. Nxe4
Bd5 21. Nxf6 exf6 22. c4 Qa1+ 23. Kc2 Qa4+ 24. Kc3 Bxc4 25. Qxc4 Qxd1 26. Qe6
g5 27. Bg3 f5 28. Be5 Qe2 29. Nd2 Qe3+ 30. Kc2 Qe2 31. Kc3 Qe3+ 1/2-1/2

[Event "GBR-ch84"]
[Site "Hove"]
[Date "1997.08.13"]
[Round "9"]
[White "Summerscale, Aaron P"]
[Black "Ward, Christopher G"]
[Result "1/2-1/2"]
[WhiteElo "2420"]
[BlackElo "2505"]
[PlyCount "20"]
[EventDate "1997.08.04"]
[EventType "swiss"]
[EventRounds "11"]
[EventCountry "GBR"]
[SourceTitle "BritBase"]
[Source "John Saunders"]
[SourceDate "2024.07.04"]
[SourceVersion "1"]
[SourceVersionDate "2024.07.04"]
[SourceQuality "1"]

1. Nf3 c5 2. c4 Nc6 3. Nc3 Nd4 4. g3 Nxf3+ 5. exf3 Nf6 6. d4 cxd4 7. Qxd4 b6 8.
Bg2 Bb7 9. O-O e6 10. Ne4 Nxe4 1/2-1/2

[Event "GBR-ch84"]
[Site "Hove"]
[Date "1997.08.13"]
[Round "9"]
[White "Thurlow, Kevin J"]
[Black "McEwan, Ken B"]
[Result "1-0"]
[WhiteElo "2205"]
[BlackElo "2210"]
[PlyCount "48"]
[EventDate "1997.08.04"]
[EventType "swiss"]
[EventRounds "11"]
[EventCountry "GBR"]
[SourceTitle "BritBase"]
[Source "John Saunders"]
[SourceDate "2024.07.04"]
[SourceVersion "1"]
[SourceVersionDate "2024.07.04"]
[SourceQuality "1"]

1. c4 e5 2. Nc3 Nc6 3. g3 g6 4. Bg2 Bg7 5. e3 f5 6. Nge2 Nf6 7. O-O O-O 8. d4
d6 9. b3 Ne7 10. dxe5 dxe5 11. Ba3 Qxd1 12. Raxd1 Re8 13. Nb5 c6 14. Nc7 Bd7
15. Nxa8 Kf7 16. Nc7 Rc8 17. Bd6 Ne4 18. c5 Nxd6 19. cxd6 Ng8 20. Rd2 Nf6 21.
Nc3 e4 22. Na4 b6 23. f3 Bh6 24. Re1 exf3 1-0

[Event "GBR-ch84"]
[Site "Hove"]
[Date "1997.08.13"]
[Round "9"]
[White "Vigus, James"]
[Black "Bates, Richard A"]
[Result "1/2-1/2"]
[WhiteElo "2255"]
[BlackElo "2345"]
[PlyCount "33"]
[EventDate "1997.08.04"]
[EventType "swiss"]
[EventRounds "11"]
[EventCountry "GBR"]
[SourceTitle "BritBase"]
[Source "John Saunders"]
[SourceDate "2024.07.04"]
[SourceVersion "1"]
[SourceVersionDate "2024.07.04"]
[SourceQuality "1"]

1. d4 e6 2. c4 Nf6 3. Nc3 d5 4. cxd5 exd5 5. Bg5 c6 6. e3 Bf5 7. Qf3 Bg6 8.
Bxf6 Qxf6 9. Qxf6 gxf6 10. Kd2 Nd7 11. Bd3 Nb6 12. Rd1 Nc4+ 13. Kc1 Nd6 14.
Nge2 Kd7 15. h4 h5 16. Nf4 f5 17. Nce2 1/2-1/2

[Event "GBR-ch84"]
[Site "Hove"]
[Date "1997.08.13"]
[Round "9"]
[White "Ledger, Andrew J"]
[Black "Sadler, Matthew D"]
[Result "1/2-1/2"]
[WhiteElo "2415"]
[BlackElo "2665"]
[PlyCount "62"]
[EventDate "1997.08.04"]
[EventType "swiss"]
[EventRounds "11"]
[EventCountry "GBR"]
[SourceTitle "BritBase"]
[Source "John Saunders"]
[SourceDate "2024.07.04"]
[SourceVersion "1"]
[SourceVersionDate "2024.07.04"]
[SourceQuality "1"]

1. e4 c5 2. Nc3 Nc6 3. g3 g6 4. d3 Bg7 5. Bg2 d6 6. Nge2 Rb8 7. Bg5 b5 8. Qd2
b4 9. Nd1 Nd4 10. O-O Nf6 11. Nxd4 cxd4 12. Bh6 Bxh6 13. Qxh6 Qc7 14. Rc1 Rb5
15. c4 bxc3 16. bxc3 g5 17. e5 dxe5 18. Qxg5 Rc5 19. Qd2 h5 20. f4 h4 21. fxe5
Qxe5 22. cxd4 Qxd4+ 23. Qe3 Qxe3+ 24. Nxe3 Rxc1 25. Rxc1 Kd8 26. Rc4 hxg3 27.
hxg3 Rh5 28. Ra4 a6 29. Rh4 Bd7 30. Nd5 Nxd5 31. Bxd5 Ke8 1/2-1/2

[Event "GBR-ch84"]
[Site "Hove"]
[Date "1997.08.14"]
[Round "10"]
[White "Anderton, Matthew N"]
[Black "Lee, Graham D"]
[Result "1-0"]
[WhiteElo "2240"]
[BlackElo "2350"]
[PlyCount "119"]
[EventDate "1997.08.04"]
[EventType "swiss"]
[EventRounds "11"]
[EventCountry "GBR"]
[SourceTitle "BritBase"]
[Source "John Saunders"]
[SourceDate "2024.07.04"]
[SourceVersion "1"]
[SourceVersionDate "2024.07.04"]
[SourceQuality "1"]

1. e4 c6 2. d4 d5 3. exd5 cxd5 4. c4 Nf6 5. Nc3 Nc6 6. Nf3 Bg4 7. cxd5 Nxd5 8.
Qb3 Nb6 9. Be3 Be6 10. d5 Nxd5 11. O-O-O Rc8 12. Bc4 Ncb4 13. Bb5+ Bd7 14. Rxd5
Nxd5 15. Ne5 Bc6 16. Nxd5 Bxb5+ 17. Nc3 Bc4 18. Nxc4 Qc7 19. Qa4+ Qd7 20. Qxd7+
Kxd7 21. Ne5+ Ke6 22. Nf3 a6 23. Kb1 f6 24. Rd1 g5 25. Nd4+ Kf7 26. Nb3 Rc7 27.
Nd5 Rc8 28. Nb6 Rc7 29. Nd5 Rc8 30. Bb6 Bg7 31. Nc5 f5 32. a4 Be5 33. Re1 Bxh2
34. Rxe7+ Kg6 35. Re6+ Kh5 36. Nf6+ Kh4 37. Re3 g4 38. g3+ Kg5 39. Nd5 Rhe8 40.
Ne6+ Kg6 41. Ndf4+ Kf7 42. Re5 Kg8 43. Rxf5 h6 44. Rh5 Rc6 45. Be3 Bg1 46. Rxh6
Rd6 47. Rg6+ Kh8 48. Rg7 Rexe6 49. Nxe6 Rxe6 50. Rxg4 a5 51. Rh4+ Kg7 52. Rh1
Rxe3 53. fxe3 Bxe3 54. Kc2 b6 55. Kd3 Bf2 56. Rf1 Bc5 57. Kc4 Kg6 58. Kb5 Kg5
59. b3 Kg4 60. Rf6 1-0

[Event "GBR-ch84"]
[Site "Hove"]
[Date "1997.08.14"]
[Round "10"]
[White "Bates, Richard A"]
[Black "Williams, Simon Kim"]
[Result "0-1"]
[WhiteElo "2345"]
[BlackElo "2310"]
[PlyCount "56"]
[EventDate "1997.08.04"]
[EventType "swiss"]
[EventRounds "11"]
[EventCountry "GBR"]
[SourceTitle "BritBase"]
[Source "John Saunders"]
[SourceDate "2024.07.04"]
[SourceVersion "1"]
[SourceVersionDate "2024.07.04"]
[SourceQuality "1"]

1. d4 e6 2. Nf3 f5 3. h3 Nf6 4. g4 b6 5. gxf5 exf5 6. d5 Bb7 7. c4 Ne4 8. Bf4
Qf6 9. Qb3 c6 10. Nc3 cxd5 11. Nxd5 Bxd5 12. cxd5 Na6 13. a3 Bd6 14. Bxd6 Qxd6
15. Qc4 b5 16. Qd4 O-O 17. Rg1 g6 18. h4 Rac8 19. e3 Rc5 20. Rd1 Nc7 21. Qe5
Rxd5 22. Rxd5 Nxd5 23. Bxb5 Qc5 24. Bd3 Qc1+ 25. Ke2 Ndc3+ 26. Qxc3 Nxc3+ 27.
bxc3 Qxc3 28. Nd4 f4 0-1